| 000 | 00000nas##2200000za#4500 |
| 001 | 9.514683 |
| 003 | CaOODSP |
| 005 | 20200325133305 |
| 007 | he |||||||||| |
| 008 | 150406c1990||||xxc|| m b||||f| |0eng|d |
| 022 | |a0711-6748 |
| 040 | |aCaOODSP|beng |
| 043 | |an-cn--- |
| 086 | 1 |aFs97-17E-M |
| 110 | 1 |aCanada. |bDepartment of Fisheries and Oceans. |
| 245 | 10|aCanadian contractor report of hydrography and ocean sciences |h[microform] |
| 260 | |bFisheries and Oceans Canada |
| 310 | |aIrregular |
| 362 | 1 |aNo. 1 (1982) -- |
| 500 | |aNote: There is no departmental mailing list. Copies are available only through Micromedia Limited, Toronto. |
| 538 | |aRequires microfiche reader |
| 546 | |aRésumés en français |
| 776 | 0#|tCanadian contractor report of hydrography and ocean sciences |w(CaOODSP)9.506655 |
| 776 | 0#|tCanadian contractor report of hydrography and ocean sciences |w(CaOODSP)9.515794 |